| 000 | 01747nam a2200301Ia 4500 | ||
|---|---|---|---|
| 999 |
_c52871 _d52871 |
||
| 001 | 19901 | ||
| 003 | GE_BSU | ||
| 005 | 20200507170912.0 | ||
| 008 | 181216s2016||||ge |||||||||||||| ||geo|| | ||
| 020 | _a9789941088742 | ||
| 040 | _cGE_BSU | ||
| 041 | _ageo | ||
| 080 | _a28 ქ 51 | ||
| 100 |
_aქილავუზი, აჰმედ საიმ _98004 |
||
| 245 |
_aისლამის დოგმატიკა : _b(აყიდა) / _cაჰმედ საიმ ქილავუზი ; მთარგმნელი გიორგი კამლაძე ; მთ. რედაქტორი ზურაბ მიქელაძე ; თეოლ. რედაქტორი დანიელ ბოლქვაძე. |
||
| 250 | _a1-ი გამოცემა | ||
| 264 |
_aბათუმი : _bერქამი, _c2016. |
||
| 300 |
_a216 გვ. ; _c20 სმ. |
||
| 520 | _aწიგნი გამოცემულია საქართველოს ახალგაზრდებზე დახმარების ასოციაციის მიერ, სრ. საქ. მუსლიმთა სამმართველოს რეკომენდაციით | ||
| 541 | _h4ლ. | ||
| 653 | _aისლამი | ||
| 653 | _aისლამის დოგმატიკა : (აყიდა) | ||
| 653 | _aრელიგია | ||
| 700 |
_a კამლაძე, გიორგი _eმთარგმნელი _98005 |
||
| 700 |
_a მიქელაძე, ზურაბ _eმთ. რედაქტორი _98006 |
||
| 700 |
_a ბოლქვაძე, დანიელ _eთეოლ. რედაქტორი _98007 |
||
| 942 |
_cBK _2udc |
||